JOSE CLEMENTE OROZCO EL PINTOR IRONISTA

Shranjeno v:
Bibliografske podrobnosti
Glavni avtor: Zuno Hernández, José Guadalupe (autor)
Format: Knjiga
Oznake: Označite
Brez oznak, prvi označite!

MARC

LEADER 00000nam^a2200000^a^4500
001 000211254
005 20250521000000.0
009 20260310103417.859
035 |a 026604 
037 |a Acervo Xavier Clavigero 
082 |a 939.  |b ZUN 
100 |a Zuno Hernández, José Guadalupe  |e (autor) 
245 1 0 |a JOSE CLEMENTE OROZCO EL PINTOR IRONISTA 
264 |a MEXICO :  |b DESCONOCIDA,  |c 1971 
336 |a texto  |b txt  |2 rdacontenido 
337 |a sin mediación  |b n  |2 rdamedio 
338 |a volumen  |b nc  |2 rdasoporte 
649 |a XX 
910 |a Fondo General 
920 |a Impresos - Libros 
930 |a Colección General 
905 |a 101 
901 |a 026604  |b IT1  |c ACC  |i 026604  |u 20250521 
902 |a https://opac.biblio.iteso.mx/vufind/Record/000211254